01633nam a2200349 a 4500001001200000003000800012006001900020007001500039008004100054010001700095020002900112020003000141020002700171040002100198035002100219050002600240082001700266245011900283260005500402300001500457504005100472520029800523533015200821650003100973650003101004655002901035700003801064700002101102710001701123856012601140999001701266ebr10646008CaPaEBRm u cr cn|||||||||120907s2013 enk sb 001 0 eng d z 2012035615 z9781444338607 (hardback) z9781444338669 (paperback) z9781118298893 (e-book) aCaPaEBRcCaPaEBR a(OCoLC)82469847814aN6490b.C65665 2013eb04a709.05/122300aContemporary arth[electronic resource] :b1989 to the present /cedited by Alexander Dumbadze and Suzanne Hudson. aChichester, West Sussex :bWiley-Blackwell,c2013. axv, 493 p. aIncludes bibliographical references and index. a"An integrated account of today's contemporary art world that features original articles by leading international art historians, critics, curators, and artists, introducing varied perspectives on the most important debates and discussions happening around the world"--cProvided by publisher. aElectronic reproduction.bPalo Alto, Calif. :cebrary,d2013.nAvailable via World Wide Web.nAccess may be limited to ebrary affiliated libraries. 0aArt, Moderny20th century. 0aArt, Moderny21st century. 7aElectronic books.2local1 aDumbadze, Alexander Blair,d1973-1 aHudson, Suzanne.2 aebrary, Inc.40uhttp://site.ebrary.com/lib/rucke/Doc?id=10646008zAn electronic book accessible through the World Wide Web; click to view c45258d45258